[Event "AUTO-OPEN-1146"]
[Site "http://www.queenalice.com/game.php?id=409767"]
[Date "2008.5.28"]
[Round "1"]
[White "VSRelva"]
[Black "cavalomestre"]
[Result "1-0"]
[WhiteElo "1389"]
[BlackElo "1719"]

1. d4 d5 2. e3 Bf5 3. Bd3 e6 4. Bxf5 exf5 5. Nc3 Bb4 6. Bd2 Nc6 7. a3 Ba5 8. g4
Qd7 9. gxf5 Qxf5 10. b4 Bb6 11. h3 Nf6 12. b5 Na5 13. Na4 Ne4 14. Qf3 Qxf3 15.
Nxf3 Nc4 16. Nxb6 axb6 17. a4 O-O 18. Bb4 Rfe8 19. Rg1 h6 20. Bd2 Re6 21. Ke2
Rf6 22. Rae1 Rxf3 23. Kxf3 Ncxd2+ 24. Ke2 Nc4 25. f3 Ng5 26. Rg3 Re8 27. f4 Ne4
28. Rf3 Re6 29. f5 Rf6 30. Kd3 c6 31. Rb1 Kf8 32. Ra1 Ncd6 33. Rb1 Rxf5 34. Rxf5
Nxf5 35. c4 Ke7 36. bxc6 bxc6 37. Rxb6 Kd6 38. cxd5 Nf6 39. a5 1-0

[Event "AUTO-OPEN-1149"]
[Site "http://www.queenalice.com/game.php?id=411263"]
[Date "2008.6.1"]
[Round "1"]
[White "cavalomestre"]
[Black "Drifter"]
[Result "0-1"]
[WhiteElo "1576"]
[BlackElo "1788"]

1. e4 e5 2. Bc4 Nf6 3. Qf3 Bc5 4. d3 O-O 5. Qg3 Nc6 6. Bh6 Nh5 7. Qf3 Qf6 8.
Qxf6 Nxf6 9. Bg5 Ng4 10. Nh3 Na5 11. O-O Nxc4 12. b3 f6 13. Bd2 Bd4 14. c3 Nxd2
15. Nxd2 Bxc3 16. Rad1 b6 17. Nc4 b5 18. Ne3 d6 19. Nd5 Ba5 20. f4 Bb7 21. Rc1
Bxd5 22. exd5 Ne3 23. Rf3 Nxd5 24. fxe5 dxe5 25. Rc5 Bb6 26. d4 Bxc5 27. dxc5 e4
28. Rf2 e3 29. Re2 Rae8 30. Kf1 Nc3 31. Rc2 b4 32. a4 Rd8 33. g4 Rd1+ 34. Kg2 e2
35. Rxe2 Nxe2 36. c6 Re8 0-1

[Event "AUTO-OPEN-1149"]
[Site "http://www.queenalice.com/game.php?id=411264"]
[Date "2008.6.1"]
[Round "1"]
[White "Drifter"]
[Black "cavalomestre"]
[Result "1-0"]
[WhiteElo "1796"]
[BlackElo "1568"]

1. e4 e5 2. Nf3 Nc6 3. Bc4 Bc5 4. Nc3 a6 5. O-O d6 6. d3 Bg4 7. Bg5 Nf6 8. h3
Bh5 9. Nd5 h6 10. Bxf6 gxf6 11. a3 Rg8 12. c3 Ne7 13. d4 exd4 14. cxd4 Bxd4 15.
Qxd4 Bxf3 16. Nxf6+ Kf8 17. Nxg8 Kxg8 18. gxf3 Qd7 19. Qf6 Rf8 20. Qh4 b5 21.
Bd3 Qe6 22. Rab1 Kh8 23. f4 Rg8+ 24. Kh2 Rg7 25. f5 Qe5+ 26. f4 Qc5 27. Qxe7 Qe3
28. Qh4 Qxd3 29. Qxh6+ Kg8 30. Rg1 Qe2+ 31. Kh1 Qf3+ 32. Kh2 Qe2+ 33. Kh1 Qxe4+
34. Kh2 Qc2+ 35. Kh1 1-0

[Event "AUTO-OPEN-1149"]
[Site "http://www.queenalice.com/game.php?id=411265"]
[Date "2008.6.1"]
[Round "1"]
[White "cavalomestre"]
[Black "Romerflu"]
[Result "0-1"]
[WhiteElo "1654"]
[BlackElo "1644"]

1. e4 e5 2. Bc4 Qe7 3. Nc3 c6 4. d3 b5 5. Bb3 Nf6 6. Bg5 h6 7. Bh4 g5 8. Bg3 d6
9. f3 b4 10. Na4 d5 11. d4 exd4 12. Qxd4 Bg7 13. Ne2 Nh5 14. Qc5 Qxc5 15. Nxc5
Bxb2 16. Rd1 O-O 17. Bd6 Re8 18. O-O Nf4 19. Bxf4 gxf4 20. Nxf4 Ba6 21. Nxa6
Nxa6 22. Nh5 Re5 23. exd5 Rxh5 24. dxc6 Be5 25. Rfe1 Bxh2+ 26. Kf1 Bg3 27. Re7
Rh1+ 28. Ke2 Rxd1 29. Kxd1 Nc7 30. Rxf7 Rd8+ 31. Rd7+ Kf8 32. Rxd8+ Ke7 33. Rd7+
Kf6 34. Ke2 Nb5 35. Rf7+ Ke5 36. c7 Nd4+ 0-1

[Event "AUTO-OPEN-1149"]
[Site "http://www.queenalice.com/game.php?id=411266"]
[Date "2008.6.1"]
[Round "1"]
[White "Romerflu"]
[Black "cavalomestre"]
[Result "1-0"]
[WhiteElo "1626"]
[BlackElo "1678"]

1. e4 e5 2. c3 Bc5 3. d4 exd4 4. cxd4 Bb6 5. Nc3 Qf6 6. e5 Qh4 7. g3 Qxd4 8.
Qxd4 Bxd4 9. Nd5 Bb6 10. f4 c6 11. Nxb6 axb6 12. a4 Ra5 13. b3 Rd5 14. Nf3 Nh6
15. h3 d6 16. Bc4 Rc5 17. Be3 Ra5 18. Bxb6 Ra8 19. exd6 Nf5 20. Ne5 Ne3 21. Nxf7
Nxc4 22. Nxh8 Nxd6 23. O-O Bxh3 24. Rfe1+ Kd7 25. Red1 Na6 26. Nf7 Ke7 27. Nxd6
g5 28. Kh2 Be6 29. Nc4 Nb4 30. Bc5+ Kf7 31. Bxb4 gxf4 32. Ne5+ Kf6 33. gxf4 Kf5
34. Kg3 Bxb3 35. Rd7 Rg8+ 36. Kf3 b5 37. axb5 1-0

[Event "AUTO-INT-928"]
[Site "http://www.queenalice.com/game.php?id=415572"]
[Date "2008.6.10"]
[Round "1"]
[White "THEJEGUE"]
[Black "cavalomestre"]
[Result "0-1"]
[WhiteElo "1548"]
[BlackElo "1677"]

1. d4 d5 2. Nf3 Bf5 3. Nc3 e6 4. Ne5 Bb4 5. a3 Bxc3+ 6. bxc3 h6 7. e3 Qd6 8. Bd3
f6 9. Nf3 Nc6 10. Bxf5 exf5 11. O-O Nge7 12. Rb1 a6 13. Rxb7 Ng6 14. Bd2 O-O 15.
Qa1 f4 16. Rfb1 fxe3 17. Bxe3 Na5 18. R7b4 Rfe8 19. Nd2 Qe6 20. Re1 Nc4 21. Nxc4
Nf4 22. Bxf4 Qxe1+ 0-1

[Event "AUTO-INT-928"]
[Site "http://www.queenalice.com/game.php?id=415573"]
[Date "2008.6.10"]
[Round "1"]
[White "cavalomestre"]
[Black "THEJEGUE"]
[Result "1-0"]
[WhiteElo "1650"]
[BlackElo "1529"]

1. e4 e5 2. Bc4 f6 3. Qh5+ g6 4. Qf3 Ne7 5. Qxf6 d6 6. Qxh8 Nd7 7. Qxh7 d5 8.
exd5 Nf6 9. Qh8 Nfg8 10. d6 Qxd6 11. Bxg8 Bf5 12. d3 c5 13. Nc3 O-O-O 14. Bc4
Nc6 15. Nb5 Qe7 16. Nf3 e4 17. Nh4 Bg7 18. Nxf5 exd3+ 19. Nxe7+ Nxe7 20. Be6+
1-0

[Event "AUTO-INT-928"]
[Site "http://www.queenalice.com/game.php?id=415584"]
[Date "2008.6.10"]
[Round "1"]
[White "DGFerguson"]
[Black "cavalomestre"]
[Result "1-0"]
[WhiteElo "1436"]
[BlackElo "1561"]

1. c4 e5 2. e3 d5 3. Nf3 Bg4 4. Be2 e4 5. Nd4 Bxe2 6. Qxe2 Qg5 7. Nc3 Qxg2 8.
Rf1 Qxh2 9. cxd5 Nf6 10. b3 a6 11. Bb2 Bd6 12. Na4 Nxd5 13. Nf5 Nb4 14. Nxg7+
Kd7 15. Qg4+ Kd8 16. Qxe4 Rg8 17. Bf6+ Kd7 18. Qf5+ Kc6 19. Rc1+ Bc5 20. Rxc5+
1-0

[Event "AUTO-INT-928"]
[Site "http://www.queenalice.com/game.php?id=415585"]
[Date "2008.6.10"]
[Round "1"]
[White "cavalomestre"]
[Black "DGFerguson"]
[Result "0-1"]
[WhiteElo "1540"]
[BlackElo "1457"]

1. e4 c5 2. Bc4 e6 3. d4 Nf6 4. Bg5 Be7 5. Nf3 O-O 6. Nc3 cxd4 7. Nxd4 Nc6 8.
Nf3 h6 9. Bh4 Ng4 10. Bxe7 Qxe7 11. Nd4 Nxf2 12. Kxf2 Qf6+ 13. Nf3 Ne5 14. h3
Nxc4 15. Rb1 Ne5 16. Rf1 b6 17. Kg1 Nc4 18. Nd4 Qe5 19. Qd3 Ba6 20. b3 Na3 0-1

[Event "AUTO-INT-928"]
[Site "http://www.queenalice.com/game.php?id=415590"]
[Date "2008.6.10"]
[Round "1"]
[White "jaychess"]
[Black "cavalomestre"]
[Result "0-1"]
[WhiteElo "1484"]
[BlackElo "1697"]

1. d4 d5 2. Nf3 Bf5 3. e3 a6 4. b3 Nc6 5. Bb2 Nb4 6. Na3 e6 7. c3 Nd3+ 8. Bxd3
Nh6 9. c4 Bb4+ 10. Kf1 Qe7 11. Bxf5 Nxf5 12. c5 b6 13. Nc2 bxc5 14. dxc5 Qxc5
15. Nxb4 Qxb4 0-1

[Event "AUTO-INT-928"]
[Site "http://www.queenalice.com/game.php?id=415591"]
[Date "2008.6.10"]
[Round "1"]
[White "cavalomestre"]
[Black "jaychess"]
[Result "1-0"]
[WhiteElo "1708"]
[BlackElo "1484"]

1. e4 d6 2. Bc4 Nf6 3. d3 e5 4. Bg5 Be7 5. Qf3 Bg4 6. Qe3 Nc6 7. h3 Nd4 8. hxg4
Nxc2+ 9. Kd1 Nxe3+ 10. fxe3 Nxg4 11. Bxe7 Qxe7 12. Nh3 Nxe3+ 13. Kd2 Nxc4+ 14.
Kc1 O-O 15. dxc4 f5 16. Nc3 1-0

[Event "AUTO-OPEN-1157"]
[Site "http://www.queenalice.com/game.php?id=415695"]
[Date "2008.6.10"]
[Round "1"]
[White "cavalomestre"]
[Black "TORNADO"]
[Result "0-1"]
[WhiteElo "1594"]
[BlackElo "1546"]

1. e4 e5 2. Bc4 c5 3. Qh5 Qf6 4. d3 g6 5. Qf3 Qxf3 6. Nxf3 d6 7. Ng5 Nh6 8. Nc3
f6 9. Ne6 Bxe6 10. Bxe6 Ke7 11. Bd5 Nc6 12. Bxc6 bxc6 13. O-O Kd7 14. f4 g5 15.
fxg5 fxg5 16. Bxg5 Ng4 17. Rf7+ Kc8 18. Raf1 Bh6 19. Bxh6 Nxh6 20. R7f6 Ng4 21.
Rxd6 Kc7 22. Re6 Kd7 23. Ref6 Nxf6 24. Rxf6 Raf8 25. Rf3 Kd6 26. Ne2 Rxf3 27.
gxf3 h5 28. Kf2 h4 29. c4 Rg8 30. a4 a5 31. b3 Rb8 32. Nc1 Rg8 33. Ne2 Rg5 0-1

[Event "AUTO-OPEN-1157"]
[Site "http://www.queenalice.com/game.php?id=415696"]
[Date "2008.6.10"]
[Round "1"]
[White "TORNADO"]
[Black "cavalomestre"]
[Result "1-0"]
[WhiteElo "1466"]
[BlackElo "1592"]

1. c4 e5 2. e4 Bc5 3. Nf3 d6 4. Be2 Nf6 5. d3 Ng4 6. Nxe5 Nxf2 7. Qd2 Nxh1 8.
Qf4 f6 9. Nf3 Nc6 10. Be3 Bxe3 11. Qxe3 Bg4 12. Qg1 Qd7 13. Qxh1 Nb4 14. h3 Bxf3
15. Na3 Bxe2 16. Kxe2 a6 17. Rf1 O-O-O 18. Ra1 d5 19. exd5 Rde8+ 20. Kd2 Qf5 21.
Qg1 Qxd3+ 22. Kc1 Qg3 23. Nc2 Nxc2 24. Kxc2 Re2+ 25. Kc1 Re1+ 26. Kc2 Rxg1 27.
Rxg1 1-0

[Event "AUTO-OPEN-1157"]
[Site "http://www.queenalice.com/game.php?id=415697"]
[Date "2008.6.10"]
[Round "1"]
[White "cavalomestre"]
[Black "vagner_pirai"]
[Result "0-1"]
[WhiteElo "1634"]
[BlackElo "1851"]

1. e4 c6 2. Bc4 d5 3. exd5 cxd5 4. Bb3 Bf5 5. d3 e6 6. Qf3 Nf6 7. Bg5 Nbd7 8.
Ba4 Be7 9. h3 O-O 10. Ne2 Ne5 11. Qf4 Bd6 12. Qd4 Qa5+ 13. c3 Nxd3+ 14. Kf1 Bc5
15. Qh4 Bxf2 16. Qxf2 Nxf2 17. Kxf2 Ne4+ 18. Ke1 Qxa4 19. Na3 Nxg5 20. Rd1 Qh4+
21. Kd2 Ne4+ 22. Kc1 Nf2 23. g3 Qg5+ 24. Rd2 Nxh1 25. Nb5 Nf2 26. Nbd4 Ne4 27.
Nb3 Nxd2 28. Nxd2 Bxh3 29. a3 Rac8 30. a4 Bg4 0-1

[Event "AUTO-OPEN-1157"]
[Site "http://www.queenalice.com/game.php?id=415698"]
[Date "2008.6.10"]
[Round "1"]
[White "vagner_pirai"]
[Black "cavalomestre"]
[Result "1-0"]
[WhiteElo "1568"]
[BlackElo "1702"]

1. e4 e5 2. d4 exd4 3. c3 Qh4 4. Nf3 Qxe4+ 5. Be2 dxc3 6. Nxc3 Qe6 7. Ng5 Qe5 8.
Qb3 Nh6 9. O-O f6 10. Re1 Bc5 11. Bh5+ g6 12. Rxe5+ fxe5 13. Nge4 gxh5 14. Bxh6
Bd4 15. Nf6+ Ke7 16. Ncd5+ Kd6 17. Ne4+ Ke6 18. Nxc7+ Kf5 19. Qf3+ Kg6 20. Qf6#
1-0

[Event "AUTO-OPEN-1157"]
[Site "http://www.queenalice.com/game.php?id=415699"]
[Date "2008.6.10"]
[Round "1"]
[White "cavalomestre"]
[Black "sk137"]
[Result "1-0"]
[WhiteElo "1675"]
[BlackElo "1301"]

1. e4 e5 2. Qh5 Nc6 3. Bc4 g6 4. Qf3 Nf6 5. d3 Bc5 6. Bg5 Be7 7. Nc3 Nd4 8. Qd1
Bb4 9. a3 Bxc3+ 10. bxc3 O-O 11. cxd4 exd4 12. Qf3 Kg7 13. O-O-O a6 14. e5 Kg8
15. Bxf6 Rb8 16. Bxd8 c6 17. Be7 Kg7 18. Bxf8+ 1-0

[Event "AUTO-OPEN-1157"]
[Site "http://www.queenalice.com/game.php?id=415700"]
[Date "2008.6.10"]
[Round "1"]
[White "sk137"]
[Black "cavalomestre"]
[Result "0-1"]
[WhiteElo "1534"]
[BlackElo "1595"]

1. e4 e5 2. a3 Bc5 3. Nf3 Nc6 4. Bc4 Nf6 5. d3 Ng4 6. Ng5 Nxf2 7. Nxf7 Nxd1 8.
Nxd8 Nxd8 9. Kxd1 d6 10. h3 Rf8 11. Nc3 Nc6 12. Nd5 Bb6 13. Bd2 Nd4 14. Nxb6
axb6 15. Be3 Nc6 16. Bb5 Bd7 17. Bxc6 Bxc6 18. Bd2 O-O-O 19. Bg5 Rde8 20. g4 Rf2
21. Be3 Rf3 22. Kd2 d5 23. exd5 Bxd5 24. c4 Bc6 25. Rhf1 Rxh3 26. Rf7 Rh2+ 27.
Kc3 Rh3 28. Re1 e4 29. Rxg7 exd3 30. Kxd3 Be4+ 31. Kc3 Bc6 0-1

[Event "QA-ANNIV-04"]
[Site "http://www.queenalice.com/game.php?id=418380"]
[Date "2008.6.16"]
[Round "1"]
[White "cavalomestre"]
[Black "kahector"]
[Result "0-1"]
[WhiteElo "1626"]
[BlackElo "1730"]

1. e4 d6 2. Bc4 e6 3. Qf3 Nd7 4. d4 Ngf6 5. Bg5 h6 6. Bh4 g5 7. Bg3 Bg7 8. Nc3
Qe7 9. O-O-O b6 10. e5 dxe5 11. Nb5 O-O 12. dxe5 Nd5 13. Bxd5 exd5 0-1